[Event "IV Closed GM BCC 2021"]
[Site "Barcelona"]
[Date "2021.04.12"]
[Round "8.4"]
[White "Ayats Llobera, Gerard"]
[Black "Hernandez, Cristian Andres"]
[Result "1-0"]
[WhiteElo "2403"]
[BlackElo "2357"]
[Annotator "TA"]
[PlyCount "95"]
[EventDate "2021.04.05"]
[EventType "tourn"]
[EventCountry "ESP"]
[SourceTitle "playchess.com"]
[Source "ChessBase"]
[SourceQuality "1"]

{[%evp 23,95,34,22,-18,101,99,110,0,0,-5,54,54,54,43,48,27,345,337,407,406,380,344,367,148,158,148,148,150,150,164,155,155,568,98,143,103,105,103,159,57,96,96,105,105,85,87,100,83,154,159,162,170,201,0,29977,29978,29978,29979,29979,29980,29980,29981,29981,29978,29985,29984,29984,29985,29985,29979,29986,29987,29987,29988]} 1. e4 c5 2. Nf3 d6 3. d4 cxd4 4. Nxd4 Nf6 5. Nc3 a6 6. Bg5 e6 7. f4 Nbd7 8. Qf3 Qc7 9. O-O-O b5 10. Bd3 Bb7 11. Rhe1 Qb6 12. Bxf6 Nxf6 13. Qh3 {B96: Sicilian Najdorf: 6 Bg5 e6 7 f4, lines other than 7...Qb6 and 7...Be7.} b4 (13... Be7 $11) 14. Na4 $1 $16 {[%cal Ra4b6]} Qc7 {[#]} 15. g4 $146 (15. Nxe6 $1 $16 fxe6 16. Qxe6+ Qe7 17. Qc4) ({Predecessor:} 15. Nxe6 fxe6 16. Qxe6+ Qe7 17. Qb3 O-O-O 18. Nb6+ Kb8 19. Bc4 g6 20. Nd5 Nxd5 21. Bxd5 Bxd5 22. Rxd5 {1-0 (41) Badmatsyrenov,O (2442)-Ivakhinova,I (2228) Ulan Ude 2010}) 15... Nd7 $11 16. g5 Nc5 (16... e5 $11 17. fxe5 Nxe5) 17. Nxc5 $14 dxc5 18. Nxe6 fxe6 19. Qxe6+ $40 {[%mdl 128] White has some attack.} Be7 $2 {[%mdl 8192]} (19... Qe7 $11 {and Black is okay.} 20. Qb6 Qd7) 20. g6 $1 $18 {White threatens Bb5+! and mate.} Rf8 21. gxh7 {Threatening mate with e5.} Qxf4+ 22. Kb1 {Bc4 would kill now.} Qh6 {[#]} 23. Bb5+ $1 {[%mdl 512]} axb5 $16 24. Qd7+ {[%mdl 64] Double Attack} Kf7 {White must now prevent ...Bc6.} 25. Rf1+ Kg6 {aiming for ...Rxf1.} 26. Rxf8 ({And not} 26. Qxe7 Rxf1 27. Rxf1 Bc6 $11) 26... Rxf8 27. Qxe7 {[%mdl 64] Double Attack} Rf2 (27... Rf3 $16) 28. Qxb7 $2 $18 {[%mdl 4096] Endgame KQR-KQR} (28. h8=R $18 {is more deadly. Intending Rg1+ and mate.} Qxh8 29. Rg1+ (29. Qxb7 Qxh2 30. Qc6+ Rf6 $16) 29... Kh7 30. Qh4+ {[%mdl 64] Double Attack} (30. Qxb7 Qf8 $16) 30... Kg8 31. Qxf2) 28... Qd2 {[%cal Rd2d1]} 29. Rc1 Kxh7 30. Qxb5 Qe3 (30... Qd4 $142) 31. h4 (31. Qd3 $16 Re2 32. a4) 31... Re2 {( -> ...Re1)} 32. Qd3 Qxe4 33. a4 bxa3 34. bxa3 Kh6 35. Qd6+ Kh5 (35... g6 $142) 36. Qxc5+ $16 Kxh4 {intending ...g5.} 37. Qc3 g5 {[#]} 38. Rg1 (38. Rd1 $1 $18 {[%cal Rd1d4] Threatens to win with Rd4.} Qb7+ 39. Ka1) 38... Rg2 $2 {[%mdl 8192]} (38... g4 $11) 39. Rh1+ {White mates.} Kg4 {[#]} 40. Qh3+ $1 ({Weaker is} 40. Qc8+ Kf4 $16) 40... Kf4 41. Rf1+ Ke5 42. Qh8+ Kd6 43. Rd1+ Kc5 44. Qf8+ Kb5 45. Qb8+ Ka5 46. Qa7+ Kb5 47. a4+ Kc4 48. Qa6+ {Weighted Error Value: White=0.42/Black=0.80} 1-0

[Event "IV Closed GM BCC 2021"]
[Site "Barcelona"]
[Date "2021.04.13"]
[Round "9.1"]
[White "Maurizzi, Marc Andria"]
[Black "Cuenca Jimenez, Jose Fernando"]
[Result "1/2-1/2"]
[WhiteElo "2479"]
[BlackElo "2506"]
[Annotator "TA"]
[PlyCount "146"]
[EventDate "2021.04.05"]
[EventType "tourn"]
[EventCountry "ESP"]
[SourceTitle "playchess.com"]
[Source "ChessBase"]
[SourceQuality "1"]

{[%evp 13,146,12,27,0,5,2,10,-3,0,-1,26,8,8,14,28,19,25,0,0,-22,11,11,1,-12,-5,0,-2,-14,-4,-3,0,0,-2,-8,0,0,0,0,0,0,0,0,0,0,0,0,0,-26,0,-22,-22,-20,0,0,0,0,0,-216,0,0,0,0,0,0,0,0,0,0,0,0,0,0,0,0,0,0,16,8,10,12,10,0,0,0,12,0,0,0,0,0,2,0,0,0,0,0,0,0,0,0,7,7,19,0,0,0,4,0,0,0,0,0,0,0,3,0,0,0,0,0,0,0,0,0,0,0,0,0,0,0,0,0,7,-8,0]} 1. e4 e5 2. Nf3 Nc6 3. Bb5 a6 4. Ba4 Nf6 5. O-O Be7 6. d3 b5 7. Bb3 d6 8. a3 {C84: Closed Ruy Lopez: Unusual White 6th moves.} Na5 9. Ba2 c5 10. Nc3 Be6 11. Bg5 c4 12. b4 cxb3 $1 13. cxb3 {[#]} Nc6 $146 ({Predecessor:} 13... b4 14. axb4 Nc6 15. d4 Bg4 16. Be3 O-O 17. Rc1 Rb8 18. b5 axb5 19. Ne2 Qd7 20. d5 Nb4 {½-½ (20) Ostrovskiy,A (2453)-Ringoir,T (2510) Charlotte 2019}) 14. b4 O-O 15. Bxf6 Bxf6 16. Nd5 g6 17. Rc1 Rc8 18. Rc3 Bxd5 19. Bxd5 Ne7 20. Rxc8 Qxc8 21. Bb3 Qc3 22. Qb1 {Strongly threatening Rc1.} Rc8 23. Rd1 Rc7 24. g3 Kg7 25. Kg2 a5 26. bxa5 Qxa5 27. Qa2 Nc8 {[%cal Be7c8,Bc8b6,Bb6c4,Bc4a3,Ba3b1][%mdl 32]} 28. d4 Nb6 29. dxe5 dxe5 30. Rd6 Nc4 (30... Be7 $5 {[%cal Re7d6]} 31. Rd3 f6 $15) 31. Rd5 {Hoping for Bxc4.} Nxa3 32. Nxe5 Bxe5 33. Rxe5 {And now Re8 would win.} Qc3 34. Re8 b4 35. Bd5 $2 {[#]} (35. h4 $11 {and White has nothing to worry.}) 35... Qd4 $2 ({Better is} 35... Nc2 $1 $19 {White must now prevent ...Qd3.} 36. Ra8 Nd4) 36. Qe2 $11 {The position is equal.} Nb1 37. Qf3 Nc3 38. Bb3 Qd7 39. Re5 Qd4 40. Re8 Qd7 41. Rb8 Rb7 42. Ra8 Qc6 43. e5 Qxf3+ 44. Kxf3 {[%mdl 4096] Endgame KRB-KRN} Rd7 45. Rb8 Rd3+ 46. Kg2 Nd5 47. Bc4 Rd4 48. Bb3 Rd3 49. Bc4 Rd4 50. Ba6 g5 51. Rb7 Re4 52. e6 Rxe6 53. Bc4 Rd6 54. Rb5 Nb6 55. Bb3 h6 56. Rxb4 Rf6 57. h4 Nd7 58. Rd4 Nc5 59. Bd1 Ne6 60. Rc4 Rf5 61. Bg4 Re5 62. Bf3 Kf6 63. Rb4 Rc5 64. Bh5 Rc7 65. Kh3 Rc3 66. Kg4 Rc2 67. f3 Rc5 68. Rb7 Rc7 69. Rxc7 Nxc7 70. hxg5+ hxg5 71. f4 gxf4 72. gxf4 Ne6 73. Bxf7 {[#]} Nxf4 $1 {Weighted Error Value: White=0.13/Black=0.07} 1/2-1/2

[Event "IV Closed GM BCC 2021"]
[Site "Barcelona"]
[Date "2021.04.13"]
[Round "9.2"]
[White "Hernandez, Cristian Andres"]
[Black "Garcia Ramos, Daniel"]
[Result "1-0"]
[WhiteElo "2357"]
[BlackElo "2436"]
[Annotator "TA"]
[PlyCount "114"]
[EventDate "2021.04.05"]
[EventType "tourn"]
[EventCountry "ESP"]
[SourceTitle "playchess.com"]
[Source "ChessBase"]
[SourceQuality "1"]

{[%evp 21,114,-3,-3,0,22,0,0,0,0,0,0,-25,-37,-27,0,0,0,-20,4,0,0,0,0,0,81,0,0,29,3,8,8,-71,-95,-76,-100,-147,10,4,7,-36,0,-106,-26,-254,-210,-205,-15,-8,-8,-9,0,-52,-67,-83,0,0,0,0,0,0,0,0,0,0,0,0,0,0,0,0,0,0,87,87,87,87,29963,12835,29957,12689,6625,5724,29964,29965,5177,5921,29967,29967,29961,29967,29978,29979,29982,29983,29991]} 1. e4 e5 2. Nc3 Nf6 3. g3 Bc5 4. Bg2 O-O 5. Nge2 c6 6. O-O d5 7. exd5 cxd5 8. d4 exd4 9. Nxd4 Bg4 10. Qd3 Nc6 11. Nxc6 bxc6 12. Na4 {B24: Closed Sicilian: 3 g3 sidelines.} Be7 13. c4 {[#]} Rc8 $146 ({Predecessor:} 13... Qa5 14. Nc3 Rad8 15. cxd5 cxd5 16. Bd2 Qb6 17. Na4 Qc6 18. b3 Ne4 19. Ba5 Rc8 {1-0 (28) Tsyhanchuk,S (2341)-Mustafin,N (2277) Yakutsk 2012}) 14. b3 {The position is equal.} d4 15. h3 Be6 16. f4 c5 17. g4 Ne8 18. Bd2 Bd7 19. Rae1 f5 {[#]} 20. Ba5 $1 Qxa5 21. Rxe7 Bxa4 22. bxa4 Rc7 (22... Kh8 $11 {remains equal.}) 23. Qe2 ({Better is} 23. Bd5+ $16 Kh8 24. Qxf5 $1) 23... Nf6 $11 {Strongly threatening ...Rxe7.} 24. Qe6+ Kh8 $132 {[%mdl 2048] And now ...Rxe7 would win. Black puts up resistance} 25. g5 ({Much weaker is} 25. gxf5 Rxe7 26. Qxe7 Re8 $17) 25... Ng8 26. Re8 (26. Rxc7 $11 Qxc7 27. h4) 26... Rxe8 $17 27. Qxe8 {White threatens Bd5 and mate.} Re7 28. Qf8 {Bd5 would kill now.} Qxa4 $2 (28... Qc3 $1 $17 29. Qxf5 d3) 29. Bd5 $11 {[%csl Gd5][%cal Rf8g8]} Qe8 30. Qxf5 Re2 (30... g6 {is interesting.} 31. Qg4 Re2 32. Rf2 Re1+ 33. Kh2 Qe3) 31. Bxg8 (31. Bf3 $1 $11 {was the only way to keep the balance.} Qe3+ 32. Kh1) 31... Kxg8 {[%mdl 4096] Endgame KQR-KQR} (31... g6 $17 32. Qg4 Kxg8) 32. Rf2 $2 (32. Qd5+ $1 $11 {and White is okay.} Kh8 33. Rf2 Re1+ 34. Kg2) 32... Re1+ $19 33. Kg2 Qe4+ $2 (33... Qc6+ $19 34. Qd5+ Qxd5+ 35. cxd5 Kf7) 34. Qxe4 $11 Rxe4 {KR-KR} 35. f5 $1 Kf7 36. Rb2 (36. Kf3 $11 Re3+ 37. Kf4) 36... d3 $15 37. Rd2 Rxc4 (37... Rd4 $1 $17) 38. Rxd3 $11 Rc2+ 39. Kf3 Rxa2 40. Rd7+ Kf8 41. Rc7 Ra3+ 42. Kg4 Ra4+ 43. Kh5 Rf4 44. Rxc5 Kf7 {( -> ...g6+)} 45. Rc7+ Kf8 46. Rc8+ Kf7 (46... Ke7 $1 $11 {keeps the balance.}) 47. g6+ $1 $16 hxg6+ 48. fxg6+ Ke6 $2 {[%mdl 8192] [#]} (48... Ke7 $16) 49. Re8+ $1 Kd6 50. Rg8 Rf5+ 51. Kg4 Rc5 52. Rxg7 Ke6 {[#]} 53. Rf7 $1 Rc4+ 54. Kh5 {White mates.} Rc5+ 55. Kh6 Rc4 56. Rf3 Rh4+ 57. Kg5 Kd5 {White used his chance.  Weighted Error Value: White=0.24/Black=0.76} 1-0

[Event "IV Closed GM BCC 2021"]
[Site "Barcelona"]
[Date "2021.04.13"]
[Round "9.3"]
[White "Perez Mitjans, Orelvis"]
[Black "Ayats Llobera, Gerard"]
[Result "1/2-1/2"]
[WhiteElo "2412"]
[BlackElo "2403"]
[Annotator "TA"]
[PlyCount "69"]
[EventDate "2021.04.05"]
[EventType "tourn"]
[EventCountry "ESP"]
[SourceTitle "playchess.com"]
[Source "ChessBase"]
[SourceQuality "1"]

{[%evp 20,69,22,7,16,14,14,13,12,0,0,-12,-11,-10,-6,-13,-9,-9,13,13,10,-16,10,-16,4,-16,14,-14,0,0,0,-8,-8,-23,-23,-27,-15,-35,-16,-16,-6,-51,-15,-20,-14,-14,-14,-14,-8,-8,-8,-8]} 1. e4 d6 2. d4 Nf6 3. Nc3 g6 4. Nf3 Bg7 5. Be2 O-O 6. O-O c6 7. a4 Nbd7 8. h3 e5 9. dxe5 Nxe5 10. Nxe5 dxe5 11. Be3 Be6 {B08: Pirc Defence: Classical System.} 12. Qxd8 Rfxd8 13. Rfd1 a6 {[#]} 14. Rxd8+ $146 (14. f3 {is interesting.} Bf8 15. a5 Bb4 16. Bb6 Rxd1+ 17. Nxd1 Be7 18. Nf2) ({Predecessor:} 14. a5 Rxd1+ 15. Rxd1 Bf8 16. Bb6 Bb4 17. Bc7 Nd7 18. Bc4 Bxc4 19. Rxd7 Be6 20. Rd3 Re8 21. Bb6 f5 22. Na4 fxe4 23. Re3 Bd5 24. c4 Be6 25. g4 Kf7 {½-½ (25) Walther,J (2258)-Krause,C (2382) ICCF email 2014}) 14... Rxd8 15. Rd1 (15. g4 {with more complications.} Bf8 16. f3 Kg7 17. Kf2 Be7 18. b3) 15... Rxd1+ 16. Bxd1 Nd7 17. Be2 Bf8 18. Kf1 Bc5 19. Bxc5 Nxc5 $11 {[%mdl 4096] Endgame KBN-KBN} 20. Ke1 Kf8 21. Kd2 Ke7 22. Ke3 Kd6 23. b3 b5 24. axb5 axb5 25. Nb1 f5 26. f3 f4+ 27. Kd2 g5 28. Nc3 h5 29. Nd1 Nd7 30. Nc3 Nf6 31. Nd1 {The position is equal.} g4 32. hxg4 hxg4 33. Nf2 gxf3 34. gxf3 Nd7 35. Nd3 {An uneventful encounter.  Weighted Error Value: White=0.11/Black=0.11} 1/2-1/2

[Event "IV Closed GM BCC 2021"]
[Site "Barcelona"]
[Date "2021.04.13"]
[Round "9.4"]
[White "Narciso Dublan, Marc"]
[Black "Gines Esteo, Pedro Antonio"]
[Result "1/2-1/2"]
[WhiteElo "2521"]
[BlackElo "2449"]
[Annotator "TA"]
[PlyCount "110"]
[EventDate "2021.04.05"]
[EventType "tourn"]
[EventCountry "ESP"]
[SourceTitle "playchess.com"]
[Source "ChessBase"]
[SourceQuality "1"]

{[%evp 17,110,-12,0,-17,-13,-17,-13,-13,-13,-13,-13,-14,-21,-36,-36,-39,-22,-47,18,17,24,16,19,0,0,-37,-30,-64,-56,-56,-56,-56,-64,-61,-63,-74,-64,-112,-88,-183,-183,-171,-172,-176,-172,-171,-177,-169,-28,-266,-260,-254,-142,-142,-142,-142,-142,-142,-156,-157,-128,-143,-143,-175,-181,-166,-177,-167,-162,-152,-24,-170,-181,-179,0,0,0,0,0,0,14,8,8,8,8,8,8,0,0,0,0,0,0,0,8]} 1. e4 e5 2. Nf3 Nc6 3. d4 exd4 4. Nxd4 Nf6 5. Nxc6 bxc6 6. e5 Qe7 7. Qe2 Nd5 8. c4 Ba6 9. b3 {[#]} g6 $1 10. f4 {[#] C45: Scotch Game.} (10. g3 Bg7) 10... d6 $1 {10...d6 is better than 10...Bg7.} 11. Qf2 Nf6 12. Ba3 Qe6 13. Be2 dxe5 14. Bxf8 Kxf8 15. Nc3 Kg7 16. O-O e4 {[#]} 17. Rad1 $146 ({Predecessor:} 17. Na4 Bc8 18. Rad1 Qe7 19. h3 h5 20. Qe3 Bf5 21. Nc3 a5 22. Kf2 Rhd8 23. Rg1 Rxd1 24. Nxd1 {½-½ (77) Feil,S (2088)-Zeier,K (2238) Baden 2019}) 17... Qf5 ({Black should play} 17... Bc8 $15) 18. Na4 $11 h5 19. Qe3 Bc8 20. h3 Qa5 21. Rd2 Bf5 22. Rfd1 Qb4 23. Rd4 Qe7 24. R4d2 h4 25. Nc3 a5 26. Kf1 Rae8 27. Ke1 Nh7 28. Bg4 (28. Kf2 $17) 28... Bxg4 $1 $19 29. hxg4 Nf6 30. g5 Ng4 31. Qd4+ Kg8 {Strongly threatening ...h3.} 32. Qd7 Ne3 (32... Qxd7 $1 $19 33. Rxd7 h3 34. gxh3 (34. Rd8 $2 Rxd8 35. Rxd8+ Kg7 $19) 34... Rxh3) 33. Qxe7 $2 (33. Qxc6 $11 {and White is okay.} Rf8 34. Nd5 Nxd5 35. Qxd5) 33... Rxe7 34. Rc1 h3 (34... Kg7 $1 $19 35. Kf2 Ng4+ 36. Kg1 e3) 35. Rd8+ $17 Kg7 36. Rxh8 Nxg2+ {[%mdl 64] Double Attack} ({Much weaker is} 36... Kxh8 $6 37. gxh3 Ng2+ 38. Kf2 $11) 37. Kf2 Kxh8 {[%mdl 4096] Endgame KRN-KRN} 38. Kg3 Kg7 39. Rd1 Ne3 40. Rd8 Nf5+ $1 41. Kxh3 {[#]} e3 $1 {[%cal Re3e2]} 42. Ne2 {[#]} c5 $1 {Threatens to win with ...Nd4!} 43. Kg2 f6 (43... c6 $17 44. Kf1 a4 45. bxa4 Rb7) 44. Kf1 (44. gxf6+ $1 $11 Kxf6 45. Rd5) 44... fxg5 45. fxg5 Nd6 $2 (45... c6 $19 46. Ke1 Re4) 46. Nc3 $1 $11 {The position is equal.} a4 47. Nd5 Rf7+ 48. Nf6 {[%csl Gf6][%cal Rd8g8]} Rf8 49. Rxf8 Kxf8 50. bxa4 {Hoping for a5.} Nxc4 {KN-KN} 51. Ke2 Ke7 52. Nd5+ Kd6 53. Nxe3 Ne5 54. Ng2 Nf7 55. Nf4 Ke5 {White happily takes the draw.  Weighted Error Value: White=0.22/Black=0.19} 1/2-1/2

[Event "IV Closed GM BCC 2021"]
[Site "Barcelona"]
[Date "2021.04.13"]
[Round "9.5"]
[White "Valenzuela Gomez, Fernando"]
[Black "Barseghyan, Harutyun"]
[Result "1-0"]
[WhiteElo "2382"]
[BlackElo "2471"]
[Annotator "TA"]
[PlyCount "87"]
[EventDate "2021.04.05"]
[EventType "tourn"]
[EventCountry "ESP"]
[SourceTitle "playchess.com"]
[Source "ChessBase"]
[SourceQuality "1"]

{[%evp 9,87,20,40,15,25,28,26,20,32,29,40,-53,-40,-34,-19,-30,-47,-48,0,0,64,63,54,52,62,53,46,-14,0,-7,45,33,100,97,110,100,92,56,60,0,0,0,61,42,171,156,301,269,498,496,431,323,512,497,654,289,420,435,447,435,504,469,402,359,439,431,427,402,525,500,466,445,29988,29989,29989,29990,29994,29995,29995,29996]} 1. e4 e6 2. d4 d5 3. Nd2 h6 4. Ngf3 Nf6 5. e5 Nfd7 6. Bd3 {C03: French Tarrasch: Unusual Black 3rd moves.} c5 7. c3 Nc6 8. O-O {White has an edge.} g5 9. h3 h5 10. Re1 (10. Nb3 $14) 10... g4 $15 11. Nh2 $1 {[#]} (11. hxg4 $2 hxg4 12. g3 gxf3 $19) 11... cxd4 $146 ({Predecessor:} 11... gxh3 12. g3 Qb6 13. dxc5 Bxc5 14. Rf1 Ndxe5 15. Bc2 Qc7 16. Kh1 Bd7 17. Ndf3 O-O-O {0-1 (35) Ortiz,S (1723)-Yano,W (2162) Montevideo 2011}) 12. cxd4 gxh3 13. Ndf3 $1 hxg2 14. Kxg2 Nb6 (14... Qb6 $11) 15. Kh1 {[%mdl 1024] White has compensation.} Be7 16. Rg1 $1 Kd7 $1 17. Ng5 $1 {[%cal Rg5f7]} Qe8 ({Wrong is} 17... Nxd4 $2 18. Nxf7 Qe8 19. Nxh8 $18) 18. f4 (18. Be3 $14) 18... Kc7 $36 {[%mdl 2048] Black is more active.} 19. Nhf3 Bd7 (19... Rg8 $11) 20. f5 $1 $14 Rc8 (20... exf5 $14 21. Bf4 Be6) 21. f6 $1 $16 {[%cal Rf6e7]} Bf8 22. Nh7 $1 Kb8 23. a3 Na5 24. Bf4 (24. b3 $1 $14) 24... Ba4 $11 25. Qe2 Nb3 ({Black should play} 25... Bb3 $11) 26. Raf1 Nc4 {[#] A mistake that costs the game.} (26... Rc4 $1 $14) 27. Rg7 $1 $18 {[%mdl 512]} Rc7 {[#]} ({But not} 27... Bxg7 $2 28. fxg7 Ka8 29. Nf6 $18) (27... Qd7 $16) (27... Qd7 28. Rfg1) 28. Rfg1 $1 Nxd4 $2 (28... Bc5 {was necessary.}) 29. Nxd4 Bc5 30. Qf2 Bb6 (30... Qc8 $142 31. Ng5 Be8) 31. Ng5 h4 {[#]} 32. Ngf3 (32. Nxf7 $142 $1 {[%mdl 512]} Rf8 (32... Rxf7 33. Bg6) 33. Nd6 Nxd6 34. exd6) 32... h3 (32... Qc8 {was worth a try.} 33. Rc1 Qf8) 33. Bh7 Rc8 {[#]} 34. Rg8 $1 Qb5 (34... Qd7 35. R8g7) 35. Rxc8+ Rxc8 36. Rg8 ({Resist} 36. Nxb5 Bxf2 37. Nd6 Bxg1 $18) 36... Qc5 37. b4 Qc7 38. Rxc8+ Kxc8 39. Qg3 {Qg8+ is the strong threat.} Be8 40. Qg8 Kd8 (40... Qd7 $18 41. Kh2 Bxd4) 41. Nxe6+ {[%mdl 64] Deflection, Promotion. White mates.} fxe6 42. Bg6 {[%csl Gg6][%cal Rg8e8]} Nd6 43. exd6 {[%csl Gg6][%cal Rg8e8]} Qc1+ 44. Bxc1 {[%csl Gg6][%cal Rg8e8] Weighted Error Value: White=0.19/Black=0.55} 1-0